000 01815nam0a22002651 4500
001 v19\rc\1198708
005 20260406124932.0
035 _a(NLR Aleph) 005194918
090 _a5250543
_c5250543
100 _a20060306e18601860|||y0rusy50 ca
101 0 _arus
102 _aRU
105 _ay z |||||
200 1 _aЦаревич Алексей Петрович, 1690-1718. (История царствования Петра Великого. Н. Устрялова. Т. 6: царевич Алексей Петрович. Спб., 1859 г., в 8 д., 640 стр., с портретом, 6-ю снимками и двумя видами)
_e[Рец.]
_e(Из журн.: Русское слово, Спб. 1860, № 1. С. 1-66)
210 _d1860
_aБ. м.
300 _aВ конце текста авт.: Михаил
470 0 _12001#$aИстория царствования Петра Великого$f[Соч.] Н. Устрялова$hТ. 6$iЦаревич Алексей Петрович, 1690-1718. В 8 д. С портр., 6 снимками и двумя видами
_1210##$aСанкт-Петербург$d1859
_1215##$a640 с.
_1700#1$aУстрялов$bН. Г.$f1805-1870$fНиколай Герасимович
_tИстория царствования Петра Великого
_aУстрялов, Н. Г. (Николай Герасимович)
488 0 _12001#$aРусское слово$v1860, № 1
_1210##$aСанкт-Петербург
_1215##$aС. 1-66
_tРусское слово
700 1 _8rus
_7ca
_aСемевский
_bМ. И.
_f1837-1892
_gМихаил Иванович
_3RU\NLR\AUTH\771311
_9111338
801 2 _aRU
_bNLR
_c20061222
_2rusmarc
801 0 _aRU
_bNLR
_c20060306
_gpsbo
801 1 _aRU
_bProSoft-M
_c20060306
_2rusmarc
852 _aNLR
_j18.127.1.369
942 _cBOOK
980 _aNB